| 000 | 00690nam a2200241Ia 4500 | ||
|---|---|---|---|
| 003 | GCL | ||
| 008 | 140319s9999 xx 000 0 ara d | ||
| 040 |
_aGCL / _cGCL |
||
| 082 | 0 | 4 |
_a659.2 _bع ا |
| 100 | 1 | _aعلى عجوة | |
| 245 | 1 | 0 |
_aالاسس العلمية للعلاقات العامة / _cعلى عجوة |
| 260 |
_a[S.N] : _bعالم الكتب الحديث ، _c1985 |
||
| 300 | _a290 ص | ||
| 490 | _a | ||
| 650 | 0 | 4 | _aالادارة |
| 650 | 0 | 4 | _aالتخطيط |
| 650 | 0 | 4 | _aالعلاقات العامة |
| 650 | 0 | 4 | _aالاتصال |
| 650 | 0 | 4 | _aالاعلام |
| 650 | 0 | 4 | _aالراى العام |
| 650 | 0 | 4 | _aالخدمات العامة |
| 942 |
_2ddc _cBK |
||
| 999 |
_c32386 _d32386 |
||